Los aforismos de Luz y Caballero / (Record no. 69329)

MARC details
000 -LEADER
campo de control de longitud fija 00731nam a2200181 i 4500
001 - NÚMERO DE CONTROL
campo de control 69329
003 - IDENTIFICADOR DE NÚMERO DE CONTROL
campo de control ES-MaACL
005 - FECHA Y HORA DE LA ÚLTIMA TRANSACCIÓN
campo de control 20230906170508.0
007 - CAMPO FIJO DE DESCRIPCIÓN FÍSICA--INFORMACIÓN GENERAL
campo de control de longitud fija t|
008 - DATOS DE LONGITUD FIJA--INFORMACIÓN GENERAL
campo de control de longitud fija 040705s1945 cu |||| | spa d
100 1# - ENTRADA PRINCIPAL--NOMBRE DE PERSONA
Nombre de persona García Bárcena, Rafael.
9 (RLIN) 54225
245 14 - MENCIÓN DEL TÍTULO
Título Los aforismos de Luz y Caballero /
Mención de responsabilidad, etc. Rafael García Bárcena ; prólogo de la edición de los "Aforismos", que se han publicado en la Biblioteca de Autores Cubanos de la Editorial de la Universidad de La Habana.
260 ## - PUBLICACIÓN, DISTRIBUCIÓN, ETC.
Lugar de publicación, distribución, etc. La Habana :
Nombre del editor, distribuidor, etc. [Universidad de La Habana],
Fecha de publicación, distribución, etc. 1945 (
Fabricante Imp. Ucar, García y Cía)
300 ## - DESCRIPCIÓN FÍSICA
Extensión 35 p. ;
Dimensiones 23 cm.
600 14 - PUNTO DE ACCESO ADICIONAL DE MATERIA--NOMBRE DE PERSONA
Nombre de persona Luz y Caballero, José de la.
9 (RLIN) 141890
650 04 - PUNTO DE ACCESO ADICIONAL DE MATERIA--TÉRMINO DE MATERIA
Término de materia o nombre geográfico como elemento de entrada Máximas y aforismos.
9 (RLIN) 14865
852 ## - LOCALIZACIÓN
Ubicación ES-MaACL
Número de control de estantería 1700-F-19
Holdings
Estatus retirado Estado de pérdida Estado de daño No para préstamo Colección Biblioteca de origen Biblioteca actual Ubicación en estantería Fecha de adquisición Fuente de adquisición Total de préstamos Signatura topográfica completa Código de barras Visto por última vez Precio de reemplazo Tipo de ítem Koha
        Colección de folletos Biblioteca del Ateneo de Madrid Biblioteca del Ateneo de Madrid Depósito folletos 17/01/2008     1700-F-19 1072598 23/02/2023 23/02/2023 Folleto